English unlimited: Upper Intermediate. Coursebook with e-Portfolio. B2

Guardat en:
Dades bibliogràfiques
Autors principals: Tilbury, Alex (Autor), Hendra, Leslie Anne (Autor), Rea, David (Autor), Clementson, Theresa (Autor)
Format: Llibre
Idioma:anglès
Publicat: Cambridge Cambridge University Press 2011
Matèries:
Etiquetes: Afegir etiqueta
Sense etiquetes, Sigues el primer a etiquetar aquest registre!

MARC

LEADER 00000cam a2200000 a 4500
001 UCG8541
003 CL-VaPUC
008 111216e20110000UK |||||||||||||||||eng|d
020 |a 9780521739917 
082 0 4 |a 428  |b TIL  |2 21 
100 0 |a Tilbury, Alex  |e author  |9 559610 
700 0 |a Hendra, Leslie Anne  |e author  |9 559611 
700 0 |a Rea, David  |e author  |9 559612 
700 0 |a Clementson, Theresa  |e author  |9 559613 
245 1 0 |a English unlimited: Upper Intermediate. Coursebook with e-Portfolio. B2 
300 |a 160 p 
942 |c BK 
945 |d 20111216 00:00:00  |a dcastane 
260 |a Cambridge  |b Cambridge University Press  |c 2011 
500 |a Incluye DVD con material complementario 
650 0 |a Educación lingüística  |9 306506 
650 0 |a Enseñanza del inglés  |9 367340 
650 0 |a Inglés  |9 260023 
650 0 |a Métodos de enseñanza  |9 270413 
583 |a last modification  |c 20111216 11:30:00  |k Rodrigo Vera 
999 |c 346148  |d 346146 
952 |0 0  |1 0  |4 0  |6 428_000000000000000_TIL_2011  |7 0  |8 ?  |9 446695  |a FDOILP  |b FDOILP  |d 2019-11-22  |i 4815769  |o 428 TIL 2011  |p 4815769  |r 2019-11-22  |w 2019-11-22  |y BK  |k ILP 
952 |0 0  |1 0  |3 erb  |4 0  |6 428_000000000000000_TIL_2011  |7 0  |8 A  |9 446696  |a BIBENE  |b BIBENE  |i 5135214  |l 4  |o 428 TIL 2011  |p 5135214  |r 2025-01-15  |s 2023-05-18  |w 2019-11-22  |y BK  |z Catalogado en:20150115  |k ICO 
952 |0 0  |1 0  |2 ddc  |3 erb  |4 0  |6 428_000000000000000_TIL_2011  |7 0  |8 A  |9 446697  |a BIBENE  |b BIBENE  |i 5135222  |l 2  |o 428 TIL 2011  |p 5135222  |r 2025-01-15  |s 2023-09-27  |w 2019-11-22  |y BK  |z Catalogado en:20150115  |k ICO 
952 |0 0  |1 0  |2 ddc  |3 erb  |4 0  |6 428_000000000000000_TIL_2011  |7 0  |8 A  |9 446698  |a BIBENE  |b BIBENE  |i 5135230  |o 428 TIL 2011  |p 5135230  |r 2025-01-15  |w 2019-11-22  |y BK  |z Catalogado en:20150115  |k ICO 
952 |0 0  |1 0  |3 erb  |4 0  |6 428_000000000000000_TIL_2011  |7 0  |8 A  |9 446699  |a BIBENE  |b BIBENE  |i 5135249  |o 428 TIL 2011  |p 5135249  |r 2025-01-15  |w 2019-11-22  |y BK  |z Catalogado en:20150115  |k ICO 
952 |0 0  |1 0  |3 erb  |4 0  |6 428_000000000000000_TIL_2011  |7 0  |8 A  |9 446700  |a BIBENE  |b BIBENE  |i 5135257  |l 3  |o 428 TIL 2011  |p 5135257  |r 2025-03-13  |s 2025-03-13  |w 2019-11-22  |y BK  |z Catalogado en:20150115  |k ICO 
952 |0 0  |1 0  |2 ddc  |3 erb  |4 0  |6 428_000000000000000_TIL_2011  |7 0  |8 A  |9 446701  |a BIBENE  |b BIBENE  |i 5135265  |o 428 TIL 2011  |p 5135265  |r 2025-01-15  |w 2019-11-22  |y BK  |z Catalogado en:20150115  |k ICO 
952 |0 0  |1 0  |3 erb  |4 0  |6 428_000000000000000_TIL_2011  |7 0  |8 A  |9 446702  |a BIBENE  |b BIBENE  |i 5135273  |l 1  |o 428 TIL 2011  |p 5135273  |r 2025-01-15  |s 2023-04-20  |w 2019-11-22  |y BK  |z Catalogado en:20150115  |k ICO 
952 |0 0  |1 0  |3 erb  |4 0  |6 428_000000000000000_TIL_2011  |7 0  |8 A  |9 446703  |a BIBENE  |b BIBENE  |i 5135281  |l 2  |o 428 TIL 2011  |p 5135281  |r 2025-01-15  |s 2023-05-18  |w 2019-11-22  |y BK  |z Catalogado en:20150115  |k ICO 
952 |0 0  |1 0  |3 erb  |4 0  |6 428_000000000000000_TIL_2011  |7 0  |8 A  |9 446704  |a BIBENE  |b BIBENE  |i 513529K  |l 3  |o 428 TIL 2011  |p 513529K  |r 2025-01-15  |s 2023-05-18  |w 2019-11-22  |y BK  |z Catalogado en:20150115  |k ICO 
952 |0 0  |1 0  |3 erb  |4 0  |6 428_000000000000000_TIL_2011  |7 0  |8 A  |9 446705  |a BIBENE  |b BIBENE  |i 5135303  |l 1  |o 428 TIL 2011  |p 5135303  |r 2025-01-15  |s 2023-03-30  |w 2019-11-22  |y BK  |z Catalogado en:20150115  |k ICO 
952 |0 0  |1 0  |2 ddc  |3 erb  |4 0  |6 428_000000000000000_TIL_2011  |7 0  |8 A  |9 446706  |a BIBENE  |b BIBENE  |i 5349265  |l 3  |o 428 TIL 2011  |p 5349265  |r 2025-01-15  |s 2023-05-23  |w 2019-11-22  |y BK  |z Catalogado en:20161118  |k ILG 
952 |0 0  |1 0  |2 ddc  |3 erb  |4 0  |6 428_000000000000000_TIL_2011  |7 0  |8 A  |9 446707  |a BIBENE  |b BIBENE  |i 5349257  |l 2  |o 428 TIL 2011  |p 5349257  |r 2025-01-15  |s 2023-03-30  |w 2019-11-22  |y BK  |z Catalogado en:20161118  |k ILG 
952 |0 0  |1 0  |2 ddc  |3 erb  |4 0  |6 428_000000000000000_TIL_2011  |7 0  |8 A  |9 446708  |a BIBENE  |b BIBENE  |i 5349249  |l 3  |o 428 TIL 2011  |p 5349249  |r 2025-01-15  |s 2023-05-18  |w 2019-11-22  |y BK  |z Catalogado en:20161118  |k ILG 
952 |0 0  |1 0  |2 ddc  |3 erb  |4 0  |6 428_000000000000000_TIL_2011  |7 0  |8 A  |9 446709  |a BIBENE  |b BIBENE  |i 5349230  |l 4  |o 428 TIL 2011  |p 5349230  |r 2025-03-12  |s 2025-03-12  |w 2019-11-22  |y BK  |z Catalogado en:20161118  |k ILG 
952 |0 0  |1 0  |2 ddc  |3 erb  |4 0  |6 428_000000000000000_TIL_2011  |7 0  |8 A  |9 446710  |a BIBENE  |b BIBENE  |i 5349222  |l 5  |o 428 TIL 2011  |p 5349222  |r 2025-01-15  |s 2023-05-23  |w 2019-11-22  |y BK  |z Catalogado en:20161118  |k ILG 
952 |0 0  |1 0  |2 ddc  |3 erb  |4 0  |6 428_000000000000000_TIL_2011  |7 0  |8 A  |9 446711  |a BIBENE  |b BIBENE  |i 5349214  |l 1  |o 428 TIL 2011  |p 5349214  |r 2025-01-15  |s 2023-04-27  |w 2019-11-22  |y BK  |z Catalogado en:20161118  |k ILG 
952 |0 0  |1 0  |2 ddc  |3 erb  |4 0  |6 428_000000000000000_TIL_2011  |7 0  |8 A  |9 446712  |a BIBENE  |b BIBENE  |i 5349206  |l 4  |m 1  |o 428 TIL 2011  |p 5349206  |r 2025-01-15  |s 2023-05-18  |w 2019-11-22  |y BK  |z Catalogado en:20161118  |k ILG 
952 |0 0  |1 0  |3 erb  |4 0  |6 428_000000000000000_TIL_2011  |7 0  |8 ?  |9 446713  |a FDOILP  |b FDOILP  |i 5349400  |o 428 TIL 2011  |p 5349400  |r 2019-11-22  |w 2019-11-22  |y BK  |z Catalogado en:20161118  |k ILP 
952 |0 0  |1 0  |3 erb  |4 0  |6 428_000000000000000_TIL_2011  |7 0  |8 ?  |9 446714  |a FDOILP  |b FDOILP  |i 5349397  |o 428 TIL 2011  |p 5349397  |r 2019-11-22  |w 2019-11-22  |y BK  |z Catalogado en:20161118  |k ILP 
952 |0 0  |1 0  |3 erb  |4 0  |6 428_000000000000000_TIL_2011  |7 0  |8 ?  |9 446715  |a FDOILP  |b FDOILP  |i 5349389  |o 428 TIL 2011  |p 5349389  |r 2019-11-22  |w 2019-11-22  |y BK  |z Catalogado en:20161118  |k ILP 
952 |0 0  |1 0  |3 erb  |4 0  |6 428_000000000000000_TIL_2011  |7 0  |8 ?  |9 446716  |a FDOILP  |b FDOILP  |i 5349370  |o 428 TIL 2011  |p 5349370  |r 2019-11-22  |w 2019-11-22  |y BK  |z Catalogado en:20161118  |k ILP 
952 |0 0  |1 0  |3 erb  |4 0  |6 428_000000000000000_TIL_2011  |7 0  |8 ?  |9 446717  |a FDOILP  |b FDOILP  |i 5349362  |o 428 TIL 2011  |p 5349362  |r 2019-11-22  |w 2019-11-22  |y BK  |z Catalogado en:20161118  |k ILP 
952 |0 0  |1 0  |3 erb  |4 0  |6 428_000000000000000_TIL_2011  |7 0  |8 ?  |9 446718  |a FDOILP  |b FDOILP  |i 5349354  |o 428 TIL 2011  |p 5349354  |r 2019-11-22  |w 2019-11-22  |y BK  |z Catalogado en:20161118  |k ILP 
952 |0 0  |1 0  |3 erb  |4 0  |6 428_000000000000000_TIL_2011  |7 0  |8 ?  |9 446719  |a FDOILP  |b FDOILP  |i 5349346  |o 428 TIL 2011  |p 5349346  |r 2019-11-22  |w 2019-11-22  |y BK  |z Catalogado en:20161118  |k ILP 
952 |0 0  |1 0  |2 ddc  |3 erb  |4 0  |6 428_000000000000000_TIL_2011  |7 0  |8 A  |9 446720  |a BIBING  |b BIBING  |c RES  |i 5349338  |o 428 TIL 2011  |p 5349338  |r 2025-01-20  |w 2019-11-22  |y BK  |z Catalogado en:20161118  |k ILI 
952 |0 0  |1 0  |2 ddc  |3 erb  |4 0  |6 428_000000000000000_TIL_2011  |7 0  |8 A  |9 446721  |a BIBING  |b BIBING  |c RES  |i 534932K  |o 428 TIL 2011  |p 534932K  |r 2025-01-20  |w 2019-11-22  |y BK  |z Catalogado en:20161118  |k ILI 
952 |0 0  |1 0  |2 ddc  |3 erb  |4 0  |6 428_000000000000000_TIL_2011  |7 0  |8 A  |9 446722  |a BIBING  |b BIBING  |c RES  |i 5349311  |o 428 TIL 2011  |p 5349311  |r 2025-01-20  |w 2019-11-22  |y BK  |z Catalogado en:20161118  |k ILI 
952 |0 0  |1 0  |2 ddc  |3 erb  |4 0  |6 428_000000000000000_TIL_2011  |7 0  |8 A  |9 446723  |a BIBING  |b BIBING  |c RES  |i 5349303  |o 428 TIL 2011  |p 5349303  |r 2025-01-20  |w 2019-11-22  |y BK  |z Catalogado en:20161118  |k ILI 
952 |0 0  |1 0  |2 ddc  |3 erb  |4 0  |6 428_000000000000000_TIL_2011  |7 0  |8 A  |9 446724  |a BIBING  |b BIBING  |c RES  |i 534929K  |o 428 TIL 2011  |p 534929K  |r 2025-01-20  |w 2019-11-22  |y BK  |z Catalogado en:20161118  |k ILI 
952 |0 0  |1 0  |2 ddc  |3 erb  |4 0  |6 428_000000000000000_TIL_2011  |7 0  |8 A  |9 446725  |a BIBING  |b BIBING  |c RES  |i 5349281  |l 1  |o 428 TIL 2011  |p 5349281  |r 2025-01-20  |s 2022-08-23  |w 2019-11-22  |y BK  |z Catalogado en:20161118  |k ILI 
952 |0 0  |1 0  |2 ddc  |3 erb  |4 0  |6 428_000000000000000_TIL_2011  |7 0  |8 A  |9 446726  |a BIBING  |b BIBING  |c RES  |i 5349273  |o 428 TIL 2011  |p 5349273  |r 2025-01-20  |w 2019-11-22  |y BK  |z Catalogado en:20161118  |k ILI